Historia del movimiento romántico español
Guardat en:
| Autor principal: | |
|---|---|
| Format: | Llibre |
| Idioma: | espanyol |
| Publicat: |
Madrid
Gredos
1954
|
| Col·lecció: | Biblioteca Románica Hispánica
|
| Matèries: | |
| Etiquetes: |
Afegir etiqueta
Sense etiquetes, Sigues el primer a etiquetar aquest registre!
|
MARC
| LEADER | 00000nam a2200000 a 4500 | ||
|---|---|---|---|
| 001 | UCS3923 | ||
| 003 | CL-VaPUC | ||
| 008 | 970718e19540000SP |||||||||||||||||spa|d | ||
| 082 | 0 | 4 | |a 860.9 |b PEE |2 21 |
| 100 | 0 | |a Peers, E. Allison |e author |9 390099 | |
| 245 | 1 | 0 | |a Historia del movimiento romántico español |
| 300 | |a v | ||
| 942 | |c BK | ||
| 945 | |d 19970718 00:00:00 |a jquezada | ||
| 260 | |a Madrid |b Gredos |c 1954 | ||
| 650 | 0 | |a Literatura española |9 306261 | |
| 650 | 0 | |a Romanticismo |9 266698 | |
| 650 | 7 | |a CLASICISMO |2 CL-VaPUC |9 268682 | |
| 650 | 0 | |a Historia y crítica |9 257407 | |
| 650 | 0 | |a Ensayos españoles |9 313128 | |
| 650 | 0 | |a Poesía española |9 264938 | |
| 583 | |a last modification |c 19970718 00:00:00 |k Rodrigo Vera | ||
| 490 | 0 | |a Biblioteca Románica Hispánica | |
| 999 | |c 261386 |d 261384 | ||
| 952 | |0 0 |1 0 |4 0 |6 860_900000000000000_PEE_1954 |7 0 |8 A |9 288780 |a BIBEDU |b BIBEDU |d 2019-11-19 |h v.1 |i 1434004 |o 860.9 PEE 1954 |p 1434004 |r 2019-11-19 |w 2019-11-19 |y BK |k LIT | ||
| 952 | |0 0 |1 0 |4 0 |6 860_900000000000000_PEE_1954 |7 0 |8 A |9 288781 |a BIBEDU |b BIBEDU |d 2019-11-19 |h v.2 |i 1453378 |o 860.9 PEE 1954 |p 1453378 |r 2019-11-19 |w 2019-11-19 |y BK |k LIT | ||
| 952 | |0 0 |1 0 |4 0 |6 860_900000000000000_PEE_1954 |7 0 |8 A |9 288782 |a BIBEDU |b BIBEDU |d 2019-11-19 |h v.2 |i 3104168 |o 860.9 PEE 1954 |p 3104168 |r 2019-11-19 |w 2019-11-19 |y BK |k LIT | ||
| 952 | |0 0 |1 0 |4 0 |6 860_900000000000000_PEE_1954 |7 0 |8 A |9 288783 |a BIBEDU |b BIBEDU |d 2019-11-19 |h v.2 |i 3269973 |o 860.9 PEE 1954 |p 3269973 |r 2019-11-19 |w 2019-11-19 |y BK |k LIT | ||
| 952 | |0 0 |1 0 |4 0 |6 860_900000000000000_PEE_1954 |7 0 |8 A |9 288784 |a BIBEDU |b BIBEDU |d 2019-11-19 |h v.1 |i 3304485 |o 860.9 PEE 1954 |p 3304485 |r 2019-11-19 |w 2019-11-19 |y BK |k LIT | ||
| 952 | |0 0 |1 0 |4 0 |6 860_900000000000000_PEE_1954 |7 0 |8 A |9 288785 |a BIBEDU |b BIBEDU |d 2019-11-19 |h v.2 |i 3304450 |o 860.9 PEE 1954 |p 3304450 |r 2019-11-19 |w 2019-11-19 |y BK |k LIT | ||